|
|
|
|
| LEADER |
01070cam a2200265 a 4500 |
| 001 |
c000295708 |
| 003 |
CARM |
| 005 |
20100415154023.0 |
| 008 |
851113s1952 enk 001 0 eng d |
| 019 |
1 |
|
|a 4152340
|5 LACONCORD2021
|
| 035 |
|
|
|a (OCoLC)2360970
|5 LACONCORD2021
|
| 040 |
|
|
|a NUN
|b eng
|c NUN
|d VSC
|
| 043 |
|
|
|a e-uk---
|
| 082 |
0 |
4 |
|a 336.24
|
| 100 |
1 |
|
|a Hannan, J. P.
|
| 245 |
1 |
4 |
|a The principles of income taxation deduced from the cases /
|c by J.P. Hannan and A. Farnsworth.
|
| 260 |
|
|
|a London :
|b Stevens,
|c 1952.
|
| 300 |
|
|
|a lvi, 582 p. ;
|c 22 cm.
|
| 650 |
|
0 |
|a Income tax
|x Law and legislation
|z Great Britain
|x Cases.
|
| 700 |
1 |
|
|a Farnsworth, A.
|q (Albert)
|
| 852 |
8 |
|
|b CARM
|h A3:AI06B0
|i B11553
|p 0536801
|f BK
|
| 852 |
8 |
|
|b CARM
|h A1:AM33F0
|i B09753
|p 0440355
|f BK
|
| 999 |
f |
f |
|i ae6435c1-6708-535b-a023-0a89e3935a7d
|s 4d529682-3967-5795-b992-368720b099ec
|
| 952 |
f |
f |
|p Can circulate
|a CAVAL
|b CAVAL
|c CAVAL
|d CARM 1 Store
|e B09753
|f A1:AM33F0
|h Other scheme
|i book
|m 0440355
|
| 952 |
f |
f |
|p Can circulate
|a CAVAL
|b CAVAL
|c CAVAL
|d CARM 1 Store
|e B11553
|f A3:AI06B0
|h Other scheme
|i book
|m 0536801
|